书目信息 |
| 题名: |
优秀语文教师上课实录
|
|
| 作者: | 瞿葆奎 整理选编 | |
| 分册: | 下册 | |
| 出版信息: | 北京 人民教育出版社 1980.03 |
|
| 页数: | 377-747页 | |
| 开本: | 19cm | |
| 丛书名: | ||
| 单 册: | ||
| 中图分类: | G424.1 | |
| 科图分类: | ||
| 主题词: | 教学法,普通 | |
| 电子资源: | ||
| ISBN: | ||
| 000 | 00590nam0 2200193 45 | |
| 001 | 0211210923 | |
| 005 | 20070729142914.97 | |
| 010 | @dCNY0.80 | |
| 091 | @a7012.0107 | |
| 100 | @a20021121d1980 km y0chiy0120 ea | |
| 101 | 0 | @achi |
| 200 | 1 | @a优秀语文教师上课实录@AYou Xiu Yu Wen Jiao Shi Shang Ke Shi Lu@h下册@f瞿葆奎等整理选编@Fqu bao kui deng zheng li xuan bian |
| 210 | @a北京@c人民教育出版社@d1980.03 | |
| 215 | @a377-747页@d19cm | |
| 606 | 0 | @a教学法,普通 |
| 690 | @aG424.1@v3 | |
| 701 | 0 | @a瞿葆奎@Aqu bao kui@4整理选编 |
| 801 | @aCN@bTSTC@c20070729 | |
| 905 | @dG424.1@e1:2@f1@b62685 | |
| 优秀语文教师上课实录.下册/瞿葆奎等整理选编.-北京:人民教育出版社,1980.03 |
| 377-747页;19cm |
| ISBN :CNY0.80 |
| ● |
| 相关链接 |
|
|
|
|
正题名:优秀语文教师上课实录
索取号:G424.1/1:2
 
预约/预借
| 序号 | 登录号 | 条形码 | 馆藏地/架位号 | 状态 | 备注 |
| 1 | 0031735 | 000460502 | 第一样本阅览室/ [索取号:G424.1/1:2] | 在馆 | |
| 2 | 0031736 | 000466506 | 密集书库/ [索取号:G424.1/1:2] | 在馆 | |
| 3 | 0031737 | 000882183 | 密集书库/ [索取号:G424.1/1:2] | 在馆 | |
| 4 | 0031738 | 000460496 | 密集书库/ [索取号:G424.1/1:2] | 在馆 | |
| 5 | 0031739 | 000782095 | 第四借阅区/ [索取号:G424.1/1:2] | 在馆 | |
| 6 | 0062487 | 001670873 | 密集书库/ [索取号:G424.1/1:2] | 在馆 | |
| 7 | 0062684 | 001670882 | 密集书库/ [索取号:G424.1/1:2] | 在馆 | |
| 8 | 0062685 | 001963986 | 密集书库/ [索取号:G424.1/1:2] | 在馆 | |
| 9 | 0062686 | 001772040 | 密集书库/ [索取号:G424.1/1:2] | 在馆 | |
| 10 | 0062688 | 000882174 | 密集书库/ [索取号:G424.1/1:2] | 在馆 | |
| 11 | 0062689 | 000882236 | 密集书库/ [索取号:G424.1/1:2] | 在馆 | |
| 12 | 0062690 | 202305656 | 密集书库/ [索取号:G424.1/1:2] | 在馆 | |
| 13 | 0062691 | 202198068 | 密集书库/ [索取号:G424.1/1:2] | 在馆 | |
| 14 | 0062692 | 202198497 | 密集书库/ [索取号:G424.1/1:2] | 在馆 | |
| 15 | 0062693 | 000882245 | 密集书库/ [索取号:G424.1/1:2] | 在馆 | |
| 16 | 0446621 | 204466210 | 密集书库/ [索取号:G424.1/1:2] | 在馆 | |
| 17 | 0448906 | 204489062 | 密集书库/ [索取号:G424.1/1:2] | 在馆 | |
| 18 | 0459140 | 204591405 | 密集书库/ [索取号:G424.1/1:2] | 在馆 | |
| 19 | 0459141 | 204591414 | 密集书库/ [索取号:G424.1/1:2] | 在馆 | |
| 20 | 0459142 | 204591423 | 密集书库/ [索取号:G424.1/1:2] | 在馆 | |
| 21 | 0459143 | 204591432 | 密集书库/ [索取号:G424.1/1:2] | 在馆 | |
| 22 | 0459144 | 204591441 | 密集书库/ [索取号:G424.1/1:2] | 在馆 | |
| 23 | 0459145 | 204591450 | 密集书库/ [索取号:G424.1/1:2] | 在馆 | |
| 24 | 0459146 | 204591469 | 密集书库/ [索取号:G424.1/1:2] | 在馆 | |
| 25 | 0459147 | 204591478 | 密集书库/ [索取号:G424.1/1:2] | 在馆 | |
| 26 | 0459148 | 204591487 | 密集书库/ [索取号:G424.1/1:2] | 在馆 | |
| 27 | 0459503 | 204595036 | 密集书库/ [索取号:G424.1/1:2] | 在馆 | |
| 28 | 0459984 | 204599844 | 密集书库/ [索取号:G424.1/1:2] | 在馆 | |
| 29 | 0459985 | 204599853 | 密集书库/ [索取号:G424.1/1:2] | 在馆 | |
| 30 | 0787463 | 207874638 | 密集书库/ [索取号:G424.1/1:2] | 在馆 |